000
00420nam a22001337a 4500
003
macl
005
20180422153030.0
008
180422b xxu||||| |||| 00| 0 eng d
040
_c
macl
100
_a
नन्दकिशोर आचार्य
_9
48183
245
_a
मुरझाने को खिलाते हुए
600
_a
नन्दकिशोर आचार्य
_9
48183
942
_2
ddc
_c
HIN
999
_c
57882
_d
57882